On European integration and its subjetcs

Gespeichert in:
Bibliographische Detailangaben
1. Verfasser: Držka, Michal, 1989-
Format: Buchkapitel
Sprache:Englisch
Schlagworte:
Tags: Tag hinzufügen
Keine Tags, Fügen Sie das erste Tag hinzu!

MARC

LEADER 00000nla a2200000 4500
001 0182468
005 20240502083429.0
041 0 |a eng 
044 |a CZ 
245 1 0 |a On European integration and its subjetcs  |c Michal Držka 
610 2 0 |a Európska únia 
610 2 0 |a história 
610 2 0 |a politika kohézna 
610 2 0 |a integrácia 
610 2 0 |a Európsky ekonomický priestor 
610 2 0 |a spolupráca medzinárodná 
100 1 |a Držka, Michal, 1989-